Akbar-Birbal (A Collection of Witty Tales) (Record no. 11658)

MARC details
000 -LEADER
fixed length control field 00280nam a22000977a 4500
008 - FIXED-LENGTH DATA ELEMENTS--GENERAL INFORMATION
fixed length control field 191119b ||||| |||| 00| 0 eng d
020 ## - INTERNATIONAL STANDARD BOOK NUMBER
International Standard Book Number 9789332421745
100 ## - MAIN ENTRY--PERSONAL NAME
Personal name Mohan Vivek
9 (RLIN) 7360
245 ## - TITLE STATEMENT
Title Akbar-Birbal (A Collection of Witty Tales)
260 ## - PUBLICATION, DISTRIBUTION, ETC. (IMPRINT)
Place of publication, distribution, etc. New Delhi
Name of publisher, distributor, etc. Paperclip Books
Date of publication, distribution, etc. 2019
Holdings
Withdrawn status Lost status Source of classification or shelving scheme Damaged status Koha normalized classification for sorting Not for loan Home library Current library Shelving location Date acquired Total Checkouts Full call number Barcode Date last seen Price effective from Koha item type
    Dewey Decimal Classification   MOH_823_000000000000000_N1   Good Samaritan School Library Good Samaritan School Library FICTION 11/19/2019   MOH823 N-1 MOH15686 N-1 11/19/2019 11/19/2019 BOOK

Powered by Koha